000 00972nam a22002655i 4500
001 165155
003 ES-MaACL
005 20250721200222.0
008 020319s1801 fr |||| | fre d
040 _aBA
_bspa
_cBA
080 _a616.9
100 1 _aSelle, Christian Gottliebd,
_d1748-1800
_eaut
_9132641
245 1 0 _aÉlémens de pyrétologie méthodique /
_cde Ch. G. Selle... ouvrage traduit sur l'édition originale latine par Jean-Baptiste Montblanc...
260 _aA Lyon :
_bChez Reymann et Cª,
_c1801
300 _aVIII, 340, [4] páginas ;
_c20 cm.
597 1 _aSignaturizado
650 7 _aEnfermedades infecciosas
_2embne
_9135986
700 1 _aMontblanc, Jean-Baptiste
_etrl
_9130085
752 _aFrancia -
_dLyon
852 _aES-MaACL
_cDEPO
_dOlim: G-13017
_fEx-libris de Mateo Seoane
_jR-1882
_xPasta española
942 _2udc
_cMONANT
_n0
999 _c165155
_d165155